Countries with most doctors - Statistics

General Stats
  • This quiz has been taken 44 times
  • The average score is 4 of 10
Answer Stats
Ranking Answer % Correct
4 France
79%
9 Spain
71%
8 Belgium
53%
6 Cuba
39%
3 Ukraine
39%
10 Argentina
34%
5 Belarus
26%
1 San Marino
21%
2 Malta
18%
7 Georgia
5%
No matching quizzes found
Score Distribution
Percent of People with Each Score
Percentile by Number Answered
Your Score History
You have not taken this quiz